000 01823cam a2200241 4500
001 L136911
008 070302n2007 000 0 eng u
020 _a1902786882
035 _a(Sirsi) u136911
041 0 _aeng
050 _a333.73 $2 18
110 2 _aCampaign to Protect Rural England
_94718
245 0 0 _aUntapped potential
_bidentifying and delivering residential development on previously developed land: overview of recent practice
_h[electronic resource]
260 _aLondon
_bCPRE
_c2007
505 2 _aIntroduction: the potential of previously developed land; the policy position; assessing the potential; untapped potential: practice and implications -- Key Findings: introduction; capacity assessments are underestimating actual previously developed land potential; the contribution of small sites is underestimated; strong density policy helps increase development on previously developed land; rigorous monitoring is key to accurate assessment of supply; proactive development of previously developed land stimulates sustainable renaissance -- Key practice issues: capacity assessments; recognising the potential of small sites; strong density policy; the importance of monitoring; a proactive approach - realising potential.
520 _aHighlights how both rural and urban communities benefit from making effective use of urban brownfield land. Provides a signpost for forthcoming guidance and best practice in urban capacity identification and delivery, based on local authority experience to date.
590 _aKA NTK
650 2 4 _aPLANNING POLICY STATEMENT 3
651 4 _aEngland
_y886-
690 _aPROPERTY-RESIDENTIAL PROPERTY-RESIDENTIAL PROPERTY DEVELOPMENT
856 4 0 _uhttps://www.cpre.org.uk/news/view/367
_zView the report free of charge at www.cpre.org.uk...
942 _n0
999 _c106543
_d106543